Statistiques concernant De la Terre à la rue - Zoom progressif avec carte n°2

Cliquez ici pour prendre le quiz!

Statistiques générales

  • Ce quiz a été pris 1 079 fois
  • Le résultat moyen est 5 sur 8

Réponses sur la Carte

Les réponses sont colorées sur une échelle allant du rouge au vert en fonction du pourcentage des utilisateurs qui les ont devinées à leur premier essai. Vous pouvez retrouver ces pourcentages ci-dessous.
 

Statistiques - réponses

EchellesRéponses% Correct
PlanèteTerre
100%
PaysEspagne
99%
ContinentEurope
99%
RégionCatalogne
87%
VilleBarcelone
71%
ProvinceBarcelone
69%
QuartierEl Raval
10%
RueLa Rambla
10%

Distribution des résultats

Percentile par nombre de réponses

% des personnes avec chaque résultat

Votre développement - résultats

Vous n’avez pas pris ce quiz